| 000 | 00551nac a22001451u 4500 | ||
|---|---|---|---|
| 008 | 080826s ua|||||r|||| 000 0 ara d | ||
| 082 |
_a142.7 _bا م ا |
||
| 245 |
_aكيركجور: _bرائد الوجودية/ _cتأليف امام عبد الفتاح امام |
||
| 260 |
_aالقاهرة: _bدار الثقافة للنشر والتوزيع، 1986 _c1986 |
||
| 300 |
_a455ص؛ _c24سم |
||
| 504 | _aببليوجرافية: ص447-455 | ||
| 511 | _aCatalogued by: Sara | ||
| 541 |
_aألف باء؛ _cشراء؛ |
||
| 942 |
_cBB _k142.7 ا م ا _2ddc |
||
| 999 |
_c6283 _d6283 |
||